000 00691nam a2200217Ia 4500
005 20230728143819.0
008 210716s2002 xx 000 0 und d
020 _a9788177582496
040 _cAIMIT LIBRARY
041 _aeng
082 _a005.43 VAHU
_21
_bVAHU
100 _aVahalia,Uresh.
_9128797
245 _aUnix internals :
_bnew frontiers /
_cBy Uresh Vahalia.
250 _a1st ed.
260 _aNew delhi :
_bPearson Education ,
_c2002.
300 _axxxiii,601 p.;
_bPB
_c25 cm.
650 _aExecuting in kernel mode
_9128798
650 _aThreads and lightweight processes
_9128799
650 _aSignals and session management
_9128800
942 _2ddc
_cBK
_e1st
_k005.43 VAHU
999 _c186954
_d186954